MARC details
| 000 -LEADER |
| fixed length control field |
02980cam a22004098i 4500 |
| 001 - CONTROL NUMBER |
| control field |
21873257 |
| 003 - CONTROL NUMBER IDENTIFIER |
| control field |
OSt |
| 005 - DATE AND TIME OF LATEST TRANSACTION |
| control field |
20220405094811.0 |
| 008 - FIXED-LENGTH DATA ELEMENTS--GENERAL INFORMATION |
| fixed length control field |
210119s2021 enk b 001 0 eng |
| 010 ## - LIBRARY OF CONGRESS CONTROL NUMBER |
| LC control number |
2020057605 |
| 020 ## - INTERNATIONAL STANDARD BOOK NUMBER |
| International Standard Book Number |
9780367684518 |
| Qualifying information |
(hardback) |
| 020 ## - INTERNATIONAL STANDARD BOOK NUMBER |
| International Standard Book Number |
9780367684525 |
| Qualifying information |
(paperback) |
| 020 ## - INTERNATIONAL STANDARD BOOK NUMBER |
| Canceled/invalid ISBN |
9781003137580 |
| Qualifying information |
(ebook) |
| 040 ## - CATALOGING SOURCE |
| Original cataloging agency |
DLC |
| Language of cataloging |
eng |
| Description conventions |
rda |
| Transcribing agency |
DLC |
| 042 ## - AUTHENTICATION CODE |
| Authentication code |
pcc |
| 050 00 - LIBRARY OF CONGRESS CALL NUMBER |
| Classification number |
QA20.C65 |
| Item number |
M34 2021 |
| 082 00 - DEWEY DECIMAL CLASSIFICATION NUMBER |
| Classification number |
2021 |
| Edition number |
DC 510.71 |
| Item number |
M420 |
| 245 00 - TITLE STATEMENT |
| Title |
Mathematics education in the digital age: |
| Remainder of title |
learning, practice and theory / |
| Statement of responsibility, etc. |
edited by Alison Clark-Wilson, Ana Donevska-Todorova, Eleonora Faggiano, Jana Trgalova, Hans-Georg Weigand. |
| 263 ## - PROJECTED PUBLICATION DATE |
| Projected publication date |
2106 |
| 264 #1 - PRODUCTION, PUBLICATION, DISTRIBUTION, MANUFACTURE, AND COPYRIGHT NOTICE |
| Place of production, publication, distribution, manufacture |
New York, NY: |
| Name of producer, publisher, distributor, manufacturer |
Routledge, |
| Date of production, publication, distribution, manufacture, or copyright notice |
2021. |
| 300 ## - PHYSICAL DESCRIPTION |
| Extent |
viii, 236 pages: |
| Other physical details |
illustrations; |
| Dimensions |
23 cm. |
| 336 ## - CONTENT TYPE |
| Content type term |
text |
| Content type code |
txt |
| Source |
rdacontent |
| 337 ## - MEDIA TYPE |
| Media type term |
unmediated |
| Media type code |
n |
| Source |
rdamedia |
| 338 ## - CARRIER TYPE |
| Carrier type term |
volume |
| Carrier type code |
nc |
| Source |
rdacarrier |
| 490 0# - SERIES STATEMENT |
| Series statement |
European research in mathematics education |
| 500 ## - GENERAL NOTE |
| General note |
Includes index. |
| 520 ## - SUMMARY, ETC. |
| Summary, etc. |
"The wide availability of digital educational resources for mathematics teaching and learning is indisputable, with some notable genres of technologies having evolved such as: graphing calculators; dynamic graphing; dynamic geometry; and data visualization tools. But what does this mean for teachers of mathematics and how do their roles evolve within this digital landscape? This essential book offers an international perspective to help bridge theory and practice, including coverage of networking theories, curriculum design, task implementation, online resources and assessment. Mathematics Education in the Digital Age details the impacts this digital age has, and will continue to have, on the parallel aspects of learning and teaching mathematics within formal education systems and settings. Written by a group of international authors, the chapters address the following themes: -Mathematics teacher education and professional development -Mathematics curriculum development and task design -The assessment of mathematics -Theoretical perspectives and methodologies/approaches for researching mathematics education in the digital age This book highlights not only the complex nature of the field, but also the advancements in theoretical and practical knowledge that is enabling the mathematics education community to continue to learn in this increasingly digital age. It is an essential read for all mathematics teacher educators and master teachers"-- |
| Assigning source |
Provided by publisher. |
| 650 #0 - SUBJECT ADDED ENTRY--TOPICAL TERM |
| Topical term or geographic name as entry element |
Mathematics |
| General subdivision |
Study and teaching. |
| 9 (RLIN) |
44892 |
| 650 #0 - SUBJECT ADDED ENTRY--TOPICAL TERM |
| Topical term or geographic name as entry element |
Mathematics |
| General subdivision |
Computer-assisted instruction. |
| 9 (RLIN) |
44893 |
| 700 1# - ADDED ENTRY--PERSONAL NAME |
| Personal name |
Donevska-Todorova, Ana, |
| Relator term |
editor. |
| 9 (RLIN) |
44894 |
| 700 1# - ADDED ENTRY--PERSONAL NAME |
| Personal name |
Faggiano, Eleonora, |
| Relator term |
editor |
| 9 (RLIN) |
44895 |
| 700 1# - ADDED ENTRY--PERSONAL NAME |
| Personal name |
Trgalova, Jana, |
| Relator term |
editor |
| 9 (RLIN) |
44896 |
| 700 1# - ADDED ENTRY--PERSONAL NAME |
| Personal name |
Weigand, Hans-Georg |
| Relator term |
editor |
| 9 (RLIN) |
44897 |
| 906 ## - LOCAL DATA ELEMENT F, LDF (RLIN) |
| a |
7 |
| b |
cbc |
| c |
orignew |
| d |
1 |
| e |
ecip |
| f |
20 |
| g |
y-gencatlg |
| 942 ## - ADDED ENTRY ELEMENTS (KOHA) |
| Source of classification or shelving scheme |
Dewey Decimal Classification |
| Koha item type |
Circulation |